000 00314nam a22001337a 4500
008 170412b xxu||||| |||| 00| 0 eng d
020 _a9781563637346
041 _aeng
080 _a612.39
100 _a10
101 _aSHM
245 _aMEDICATIONS FOR THE TREATMENT OF DIABETES
_cWHITE, J.R
942 _2udc
_cBK
999 _c10462
_d10462